000
00327 a2200157 4500
001
192784
020
_a
978-85-8392-114-1
040
_c
Magnum
100
_a
Muniz, Flávia
240
1
0
_a
Um dia de folga
_l
por
245
1
0
_a
Um dia de folga
300
_a
13
362
0
_a
2017
697
_a
LITERATURA INFANTO
942
_c
BK
999
_c
192784
_d
192784